Most NBA Finals Appearances - Statistics

General Stats
  • This quiz has been taken 1,642 times
  • The average score is 18 of 36
Answer Stats
Finals Appearances Player % Correct
10 LeBron James
98%
6 Michael Jordan
95%
12 Bill Russell
91%
6 Stephen Curry
86%
7 Kobe Bryant
85%
6 Shaquille O'Neal
83%
6 Scottie Pippen
82%
9 Magic Johnson
81%
10 Kareem Abdul-Jabbar
79%
6 Tim Duncan
76%
6 Draymond Green
72%
6 Klay Thompson
72%
6 Wilt Chamberlain
72%
6 Dennis Rodman
68%
9 Jerry West
67%
6 Dennis Johnson
59%
7 Bob Cousy
55%
7 Robert Horry
54%
8 John Havlicek
52%
6 James Worthy
44%
6 James Jones
41%
8 K.C. Jones
41%
11 Sam Jones
41%
7 Elgin Baylor
38%
7 Andre Iguodala
33%
8 Derek Fisher
33%
8 Michael Cooper
19%
9 Tom Heinsohn
17%
6 Kurt Rambis
12%
7 Udonis Haslem
10%
6 Danny Ainge
8%
8 Tom Sanders
8%
6 Don Nelson
6%
8 Frank Ramsey
6%
6 Slater Martin
3%
6 Mel Counts
2%
No matching quizzes found
Score Distribution
Percent of People with Each Score
Percentile by Number Answered
Your Score History
You have not taken this quiz